Feudalism in Japan
Đã lưu trong:
| Príomhúdar: | |
|---|---|
| Formáid: | Leabhar |
| Teanga: | Undetermined |
| Foilsithe: |
New York
Alfred A. Knopf
1969
|
| Ábhair: | |
| Clibeanna: |
Cuir Clib Leis
Gan Chlibeanna, Bí ar an gcéad duine leis an taifead seo a chlibeáil!
|
| Thư viện lưu trữ: | Trung tâm Học liệu Trường Đại học Cần Thơ |
|---|
| LEADER | 00541nam a2200217Ia 4500 | ||
|---|---|---|---|
| 001 | CTU_115006 | ||
| 008 | 210402s9999 xx 000 0 und d | ||
| 082 | |a 321.3 | ||
| 082 | |b D812 | ||
| 100 | |a Duus, Peter | ||
| 245 | 0 | |a Feudalism in Japan | |
| 245 | 0 | |c Peter Duus | |
| 260 | |a New York | ||
| 260 | |b Alfred A. Knopf | ||
| 260 | |c 1969 | ||
| 650 | |a Feudalism,Japan | ||
| 650 | |x Politics and government | ||
| 650 | |y 1600-1868 | ||
| 650 | |z Japan | ||
| 904 | |i Hiếu | ||
| 980 | |a Trung tâm Học liệu Trường Đại học Cần Thơ | ||